|
|
|
|
| LEADER |
01853nam a2200529 i 4500 |
| 001 |
nkc20162785077 |
| 003 |
CZ PrNK |
| 005 |
20160415111855.0 |
| 007 |
ta |
| 008 |
160317s2016 xr g f 000 0 cze |
| 015 |
|
|
|a cnb002785077
|
| 020 |
|
|
|a 978-80-247-5564-9
|q (brožováno)
|
| 035 |
|
|
|a (OCoLC)949216243
|
| 040 |
|
|
|a OLA001
|b cze
|e rda
|
| 072 |
|
7 |
|a 316.4/.7
|x Sociální interakce. Sociální komunikace
|2 Konspekt
|9 18
|
| 080 |
|
|
|a 005.742-057.17
|2 MRF
|
| 080 |
|
|
|a 331.104/.105
|2 MRF
|
| 080 |
|
|
|a 316.472.4
|2 MRF
|
| 080 |
|
|
|a 316.77
|2 MRF
|
| 080 |
|
|
|a 005.32
|2 MRF
|
| 080 |
|
|
|a (035)
|2 MRF
|
| 100 |
1 |
|
|a Bednář, Vojtěch,
|d 1979-
|7 mzk2004236969
|4 aut
|
| 245 |
1 |
0 |
|a Jak vyjít se svým šéfem /
|c Vojtěch Bednář
|
| 250 |
|
|
|a Vydání 1.
|
| 264 |
|
1 |
|a Praha :
|b Grada,
|c 2016
|
| 300 |
|
|
|a 152 stran ;
|c 21 cm
|
| 336 |
|
|
|a text
|b txt
|2 rdacontent
|
| 337 |
|
|
|a bez média
|b n
|2 rdamedia
|
| 338 |
|
|
|a svazek
|b nc
|2 rdacarrier
|
| 650 |
0 |
7 |
|a vedoucí pracovníci
|7 ph127002
|2 czenas
|
| 650 |
0 |
7 |
|a pracovní vztahy
|7 ph124538
|2 czenas
|
| 650 |
0 |
7 |
|a interpersonální vztahy
|7 ph114786
|2 czenas
|
| 650 |
0 |
7 |
|a sociální komunikace
|7 ph116206
|2 czenas
|
| 650 |
0 |
7 |
|a psychologie řízení
|7 ph136831
|2 czenas
|
| 650 |
0 |
9 |
|a managers
|2 eczenas
|
| 650 |
0 |
9 |
|a industrial relations
|2 eczenas
|
| 650 |
0 |
9 |
|a interpersonal relations
|2 eczenas
|
| 650 |
0 |
9 |
|a communication
|2 eczenas
|
| 650 |
0 |
9 |
|a psychology of management
|2 eczenas
|
| 655 |
|
7 |
|a příručky
|7 fd133209
|2 czenas
|
| 655 |
|
9 |
|a handbooks and manuals
|2 eczenas
|
| 910 |
2 |
|
|a BOA001
|b 2-1365.216
|
| 990 |
|
|
|a BK
|
| 995 |
|
|
|a 01
|
| 991 |
|
|
|b 201604
|c NOV
|
| 996 |
6 |
|
|b 2610665216
|c 2-1365.216
|l MZK
|r Sklad / do 1 hodiny
|n 0
|p p.v.
|w 001553335
|u 000010
|a 1
|e BOA001
|j MZK50
|s P
|
| 996 |
7 |
|
|b 2610668056
|c 2-1365.216
|l Vol.výběr
|r VV 0p
|n 22
|p kup
|h 316.4/.7 BED
|w 001553335
|u 000020
|a 0
|e BOA001
|j MZK50
|s A
|